Click Chain #27 - Rainbow Pride! - Statistics

General Stats
  • This quiz has been taken 3,009 times
  • The average score is 21 of 30
Answer Stats
Hint Answer % Correct
The colours of visible light in the rainbow are easily remembered with the mnemonic ... ROYGBIV
99%
who, over the last 50 years, has been the #1 exporter of crude ... Oil
91%
which is sometimes called ... Black Gold
85%
where the G corresponds to the colour that makes up over 90% of the flag of ... Saudi Arabia
85%
which can describe a worker who makes ... Stainless Steel
83%
which was first isolated by Georg Brandt circa … 1735
78%
whose trace amounts make rubies ... Red
78%
where there is a legend of diminutive bearded fairies called ... Leprechauns
77%
which some might argue isn’t a colour because it is … Not in the Rainbow
77%
who are famous for hiding pots of gold at the end of the ... Rainbow
77%
which describes the uniforms of the ... Steelers
77%
which was a colour reserved for … Royalty
76%
when the British Prime Minister first moved into … 10 Downing
75%
which also applies to a wannabe colour that just mixes blue and red in equal parts, i.e., … Purple
74%
who opposed the House of ... York
73%
which is the colour a miner would expect to see if they found an ... Emerald
72%
which is part of a common nickname for the island of ... Ireland
72%
which is one of the members of the … Ivy League
70%
where another, albeit smaller, example is the … Lime
70%
which was a colour named after a … Citrus Fruit
68%
where the most common hybrid, the Persian, is grown most commonly in … Mexico
68%
whose rose was ... White
67%
which is an alloy that is, by mass, 11% ... Chromium
62%
whose door is famously painted … Black
60%
whose flag features a bird that is primarily … Brown
59%
which is the colour of the rose of the House of ... Lancaster
59%
which is a colour whose pigments historically relied on ... Cobalt
57%
which would include William of … Orange
54%
whose logo is ... Green
47%
which is the surname of an Albuquerque drug kingpin whose product was ... Blue
43%
No matching quizzes found
Score Distribution
Percent of People with Each Score
Percentile by Number Answered
Your Score History
You have not taken this quiz